[Event "Villa Tehuelches op 5th"]
[Site "Villa Tehuelches"]
[Date "2019.07.13"]
[Round "5"]
[White "Abdala Mardones, Jaime Patricio"]
[Black "Diaz Munoz, Rodrigo Javier"]
[Result "1-0"]
[WhiteElo "1414"]
[BlackElo "1302"]
[PlyCount "52"]
[EventDate "2019.07.11"]
[EventType "swiss"]
[EventRounds "7"]
[EventCountry "CHI"]
[SourceTitle "EXT 2021"]
[Source "ChessBase"]
[SourceDate "2020.10.23"]
[SourceVersion "1"]
[SourceVersionDate "2020.10.23"]
[SourceQuality "1"]

1. e4 e5 2. Nf3 Nc6 3. Bb5 Nd4 4. Nxd4 exd4 5. Qh5 c6 6. Bc4 d5 7. exd5 Qe7+ 8. Qe2 Qxe2+ 9. Kxe2 b6 10. Bb3 Bb7 11. dxc6 Bxc6 12. f3 Nf6 13. Re1 Be7 14. d3 0-0 15. Kf1 Bd6 16. Kg1 a5 17. a4 b5 18. Bg5 Nd5 19. Nd2 h6 20. Bxd5 Bxd5 21. Be7 Bxe7 22. Rxe7 Rfe8 23. Rae1 Rxe7 24. Rxe7 Kf8 25. Rd7 Bc6 26. Rxd4 bxa4 1-0

[Event "Villa Tehuelches op 5th"]
[Site "Villa Tehuelches"]
[Date "2019.07.12"]
[Round "4"]
[White "Morales Gonzalez, Rodrigo"]
[Black "Abdala Mardones, Jaime Patricio"]
[Result "1-0"]
[WhiteElo "1900"]
[BlackElo "1414"]
[PlyCount "54"]
[EventDate "2019.07.11"]
[EventType "swiss"]
[EventRounds "7"]
[EventCountry "CHI"]
[SourceTitle "EXT 2021"]
[Source "ChessBase"]
[SourceDate "2020.10.23"]
[SourceVersion "1"]
[SourceVersionDate "2020.10.23"]
[SourceQuality "1"]

1. e4 c6 2. d4 d5 3. e5 Bf5 4. h4 h6 5. g4 Bh7 6. Bd3 Na6 7. Bxh7 Rxh7 8. Qd3 Rh8 9. e6 fxe6 10. Qg6+ Kd7 11. Nf3 Nf6 12. Ne5+ Kc8 13. Nf7 Qa5+ 14. Bd2 Nb4 15. c3 Rg8 16. cxb4 Qb6 17. Bc3 a5 18. bxa5 Rxa5 19. 0-0 Ra8 20. g5 Ng4 21. Qxe6+ Kb8 22. Qxg4 c5 23. dxc5 Qg6 24. Be5+ Ka7 25. Qa4+ Qa6 26. Qxa6+ Kxa6 27. g6 Kb5 1-0

[Event "Villa Tehuelches op 5th"]
[Site "Villa Tehuelches"]
[Date "2019.07.11"]
[Round "2"]
[White "Abdala Mardones, Jaime Patricio"]
[Black "Gallardo Rojel, Alejandro"]
[Result "0-1"]
[WhiteElo "1414"]
[BlackElo "1754"]
[PlyCount "108"]
[EventDate "2019.07.11"]
[EventType "swiss"]
[EventRounds "7"]
[EventCountry "CHI"]
[SourceTitle "CBM 191 Extra"]
[Source "ChessBase"]
[SourceDate "2019.09.30"]
[SourceVersion "1"]
[SourceVersionDate "2019.09.30"]
[SourceQuality "1"]

1. e4 e6 2. d3 d5 3. Nd2 c5 4. g3 Nc6 5. Bg2 e5 6. f4 Nge7 7. Ngf3 g6 8. 0-0 Bg7 9. Kh1 Bd7 10. c4 d4 11. h3 Qc7 12. Nh2 0-0-0 13. g4 f5 14. fxe5 h5 15. g5 Nb8 16. Rb1 Bc6 17. Nhf3 Na6 18. a3 Qd7 19. b4 Ba4 20. Qe2 h4 21. b5 Nb8 22. Rf2 b6 23. Qe1 Bc2 24. Ra1 Bxd3 25. Qd1 Bxe4 26. a4 Qc7 27. Nb3 Rd7 28. Rfa2 Kd8 29. a5 Nc8 30. Qe1 Bf8 31. Nbd2 Bb7 32. Nxh4 Rdh7 33. Nxg6 Rxh3+ 34. Kg1 Rh1+ 35. Bxh1 Rxh1+ 36. Kf2 Rxe1 37. Nxf8 Qf7 38. Ne6+ Qxe6 39. Kxe1 Qg6 40. Nf1 Qg8 41. Rh2 Qxc4 42. Rh8+ Kd7 43. Rh7+ Ne7 44. Nd2 Qg8 45. Rh6 Ng6 46. Nf1 Be4 47. axb6 axb6 48. Ra7+ Ke6 49. Rhh7 Kd5 50. Nd2 Nf4 51. Nxe4 Nd3+ 52. Kd2 fxe4 53. Rhg7 Qe8 54. Ra8 Qxe5 0-1